The practice of Social Research (Record no. 30662)

000 -LEADER
fixed length control field 00481nam a2200205Ia 4500
003 - CONTROL NUMBER IDENTIFIER
control field 0Nust
005 - DATE AND TIME OF LATEST TRANSACTION
control field 20170105110251.0
008 - FIXED-LENGTH DATA ELEMENTS--GENERAL INFORMATION
fixed length control field 161124s9999 xx 000 0 und d
020 ## - INTERNATIONAL STANDARD BOOK NUMBER
International Standard Book Number 0-534-57474-2
040 ## - CATALOGING SOURCE
Transcribing agency IGIS
041 ## - LANGUAGE CODE
Language code of text/sound track or separate title English
082 ## - DEWEY DECIMAL CLASSIFICATION NUMBER
Classification number 300.72 21
Author Mark BAB
100 ## - MAIN ENTRY--PERSONAL NAME
Personal name Babbie Earl
245 #4 - TITLE STATEMENT
Title The practice of Social Research
250 ## - EDITION STATEMENT
Edition statement 9th
260 ## - PUBLICATION, DISTRIBUTION, ETC.
Place of publication, distribution, etc. London
Name of publisher, distributor, etc. Wadsworth
Date of publication, distribution, etc. 2001
300 ## - PHYSICAL DESCRIPTION
Extent 498
505 ## - FORMATTED CONTENTS NOTE
Formatted contents note The practice
650 ## - SUBJECT ADDED ENTRY--TOPICAL TERM
Topical term or geographic name entry element The practice of Social Research
942 ## - ADDED ENTRY ELEMENTS (KOHA)
Koha item type Book
Holdings
Withdrawn status Lost status Damaged status Not for loan Collection code Permanent Location Current Location Date acquired Source of acquisition Total Checkouts Full call number Barcode Date last seen Price effective from Koha item type
          Institute of Geographical Information Systems (IGIS) Institute of Geographical Information Systems (IGIS)   Donated   300.72 21BAB IGIS335 01/05/2017   Book
© 2023 Central Library, National University of Sciences and Technology. All Rights Reserved.